[Event "GER-chT Nord-West U20"]
[Site "Germany"]
[Date "2006.10.08"]
[Round "?"]
[White "Janitzek, Nils"]
[Black "Schaefer, Jakob"]
[Result "1/2-1/2"]
[WhiteElo "1920"]
[BlackElo "2000"]
[PlyCount "83"]
[EventDate "2006.09.24"]
[EventType "team"]
[EventRounds "9"]
[EventCountry "GER"]
[SourceTitle "EXT 2008"]
[Source "ChessBase"]
[SourceDate "2007.11.25"]
[SourceVersion "1"]
[SourceVersionDate "2007.11.25"]
[SourceQuality "1"]

1. e4 c5 2. Nf3 d6 3. Bc4 e6 4. 0-0 Nc6 5. c3 Nf6 6. Re1 Be7 7. Bb3 0-0 8. d4 cxd4 9. cxd4 e5 10. h3 Nd7 11. Nc3 exd4 12. Nxd4 Nc5 13. Bc2 Nxd4 14. Qxd4 Ne6 15. Qd1 Bg5 16. Be3 Bxe3 17. Rxe3 Nf4 18. Nd5 Qg5 19. Nxf4 Qxf4 20. Qd4 Be6 21. Bb3 Rfc8 22. Rd1 Rc6 23. Rf3 Qh4 24. Rg3 g6 25. Bxe6 fxe6 26. Rgd3 Rc2 27. R1d2 Rac8 28. Qe3 R2c4 29. f3 Qg3 30. Qf2 Qf4 31. g3 Qe5 32. Rxd6 Rc1+ 33. Kg2 Qa5 34. Qd4 R1c2 35. Rd7 Rxd2+ 36. Qxd2 Qxa2 37. Rd8+ Rxd8 38. Qxd8+ Kf7 39. Qd7+ Kf6 40. Qxb7 a5 41. g4 a4 42. Kg3 1/2-1/2

[Event "GER-chT Nord-West U20"]
[Site "Germany"]
[Date "2006.09.24"]
[Round "1"]
[White "Janitzek, Nils"]
[Black "Roensch, Daniel"]
[Result "1/2-1/2"]
[WhiteElo "1920"]
[BlackElo "2040"]
[PlyCount "29"]
[EventDate "2006.09.24"]
[EventType "team"]
[EventRounds "9"]
[EventCountry "GER"]
[SourceTitle "EXT 2008"]
[Source "ChessBase"]
[SourceDate "2007.11.25"]
[SourceVersion "1"]
[SourceVersionDate "2007.11.25"]
[SourceQuality "1"]

1. e4 c5 2. Nf3 e6 3. b3 Nc6 4. Bb2 Nge7 5. Nc3 e5 6. Bc4 Ng6 7. 0-0 d6 8. Nd5 Nce7 9. Ne3 h6 10. c3 a6 11. d4 b5 12. Be2 Bb7 13. dxe5 dxe5 14. Qc2 Qc7 15. g3 1/2-1/2

[Event "Harburg-chE 3rd"]
[Site "Hamburg"]
[Date "2005.06.25"]
[Round "3"]
[White "Janitzek, Nils"]
[Black "Lochmann, Viktor"]
[Result "0-1"]
[WhiteElo "1764"]
[BlackElo "1751"]
[PlyCount "56"]
[EventDate "2005.06.??"]
[EventType "tourn"]
[EventRounds "5"]
[EventCountry "GER"]
[SourceTitle "EXT 2006"]
[Source "ChessBase"]
[SourceDate "2005.11.24"]
[SourceVersion "1"]
[SourceVersionDate "2005.11.24"]
[SourceQuality "1"]

1. e4 d6 2. d4 Nf6 3. Bd3 g6 4. f4 Bg7 5. Nf3 0-0 6. 0-0 Nfd7 7. Be3 c5 8. c3 a6 9. a4 Nc6 10. Nbd2 cxd4 11. cxd4 Nb4 12. Be2 Nf6 13. Ne1 Bd7 14. Qb3 a5 15. Kh1 Rc8 16. Bg1 d5 17. e5 Ne4 18. Ndf3 Bg4 19. Rd1 Bh6 20. Nd3 Nxd3 21. Bxd3 Bxf4 22. Rfe1 Bxf3 23. gxf3 Ng5 24. Bb5 e6 25. Bf2 Nh3 26. Re2 Qg5 27. Rc2 Qh5 28. Re2 Ng5 0-1

[Event "Schleswig Holstein-ch U16 MT"]
[Site "Neumuenster"]
[Date "2005.03.20"]
[Round "3"]
[White "Janitzek, Nils"]
[Black "Benzen, Marthe"]
[Result "1/2-1/2"]
[WhiteElo "1624"]
[BlackElo "1547"]
[PlyCount "63"]
[EventDate "2005.03.19"]
[EventType "tourn"]
[EventRounds "9"]
[EventCountry "GER"]
[SourceTitle "EXT 2007"]
[Source "ChessBase"]
[SourceDate "2006.11.23"]
[SourceVersion "1"]
[SourceVersionDate "2006.11.23"]
[SourceQuality "1"]

1. e4 e5 2. Nf3 Nf6 3. Nxe5 d6 4. Nf3 Nxe4 5. d4 d5 6. Bd3 Be7 7. 0-0 0-0 8. Bf4 Bg4 9. c3 Re8 10. Nbd2 Bd6 11. Bxd6 Nxd2 12. Qxd2 Qxd6 13. Ne5 Bh5 14. f4 f6 15. Nf3 Nd7 16. Nh4 Bf7 17. Rf3 g6 18. Rg3 Kh8 19. Rf1 f5 20. Nf3 Nf6 21. Ne5 Bg8 22. Rh3 Ne4 23. Bxe4 dxe4 24. Qf2 Qf6 25. b3 Rad8 26. Re1 Kg7 27. g4 Be6 28. g5 Qe7 29. Qh4 h5 30. gxh6+ Kh7 31. Qg3 Rg8 32. Kf2 1/2-1/2

[Event "Schleswig Holstein-ch U16 VMA"]
[Site "Neumuenster"]
[Date "2004.03.24"]
[Round "7"]
[White "Janitzek, Nils"]
[Black "Bal, Onur"]
[Result "1/2-1/2"]
[WhiteElo "1548"]
[BlackElo "1093"]
[PlyCount "36"]
[EventDate "2004.03.20"]
[EventType "swiss"]
[EventRounds "9"]
[EventCountry "GER"]
[SourceTitle "EXT 2006"]
[Source "ChessBase"]
[SourceDate "2005.11.24"]
[SourceVersion "1"]
[SourceVersionDate "2005.11.24"]
[SourceQuality "1"]

1. e4 e5 2. Nf3 Nc6 3. d4 d5 4. exd5 Qxd5 5. Nc3 Bb4 6. Bd2 Bxc3 7. Bxc3 exd4 8. Nxd4 Nxd4 9. Qxd4 Qxd4 10. Bxd4 Nf6 11. Bxf6 gxf6 12. 0-0-0 Bd7 13. Bc4 Rf8 14. Rhe1+ Kd8 15. Re3 Kc8 16. Rd4 b5 17. Bb3 c5 18. Rd5 c4 1/2-1/2